000 00664nam a2200205 i 4500
001 92356
003 ES-MaACL
005 20230906180943.0
007 t|
008 050225s1962 sp ||||1| cat d
100 1 _aLiégé, Pierre André.
_9144359
245 1 0 _aViure el cristianisme /
_cP. André Liégé; traduccio al catalá por Dom Just M. Llorens monjo de Montserrat.
260 _aBarcelona :
_bEstela,
_c[1962]
300 _a185 p. ;
_c19 cm.
490 1 _aEstela d'Espiritualitat ;
_v12
700 1 _aLlorens, Just M.
_972877
830 0 _aEstela d'Espiritualitat ;
_v12
_9232036
852 _aES-MaACL
_jC-22231
_bR.50750
999 _c92356
_d92356